000 00625nam a22002057a 4500
005 20251108164825.0
008 250721s1985 xx 000 0 ara d
082 1 4 _a371.2009563/فاض
100 1 _aالبرك، فاضل
245 1 0 _aالمدارس اليهودية والأيرانية في العراق :
_bدراسة مقارنة /
250 _aط2.، مزيدة و منقحة
264 1 _aبغداد :
_bالدار العربية،
_c1985.
300 _a351ص
650 1 7 _aالمدارس
650 1 7 _aإيران
650 1 7 _aالعراق
650 1 7 _aاليهود
942 _2ddc
_cBK
999 _c15230
_d15230